000 00866nam a2200265Ia 4500
003 OSt
005 20221005084501.0
006 a|||||r|||| 00| 0
007 ta
008 221004b |||||||| |||| 00| 0 eng d
020 _a0875861997
_c2542.96
024 _a83874
037 _b7205, 30/03/2005, Selectbook Service Syndicate
_cTextual
040 _aCRL
_cCRL
_beng
041 _2eng
_aeng
082 _aS:55.5'N3, P4.1-.2
100 _aTamagne Florence
_9613339
245 0 _aHistory of Homosexuality in Europe
_b Berlin, London, Paris 1919-1939
260 _aNew York
_bAlgora Publishing U. S. A.
_c2004
490 _vV1
650 _a PSYCHOLOGY
650 _aHOMOSEXUALITY - EUROPE
_9613340
942 _hS:55.5'N3, P4.1-.2
_cTEXL
_2cc
999 _c992650
_d992650